Pays ayant le même nom en Français et en Anglais - Statistiques

Statistiques générales
  • Ce quiz a été pris 209 fois
    202 depuis la dernière actualisation
  • Le résultat moyen est 42 sur 70
Statistiques - réponses
Réponse % Correct
France
87%
Canada
83%
Portugal
76%
Iran
73%
Cuba
69%
Pakistan
69%
Oman
68%
Yémen
68%
Kenya
67%
Laos
67%
Afghanistan
66%
Kazakhstan
66%
Lesotho
66%
Panama
66%
Zimbabwe
66%
Qatar
65%
Togo
65%
Angola
64%
Eswatini
64%
Guatemala
64%
Haïti
64%
Israël
64%
Nicaragua
64%
Niger
64%
Luxembourg
63%
Venezuela
63%
Honduras
62%
Madagascar
62%
Nauru
62%
Nigeria
62%
Tonga
62%
Ghana
61%
Guyana
61%
Mali
61%
Suriname
61%
Turkmenistan
61%
Tuvalu
61%
Uruguay
61%
Bahamas
60%
Belize
60%
Monaco
60%
Rwanda
60%
Samoa
60%
Costa Rica
59%
Sénégal
59%
Bénin
58%
Népal
58%
Paraguay
58%
Vanuatu
58%
Botswana
57%
Kosovo
57%
Burundi
56%
Djibouti
56%
Liechtenstein
55%
Sri Lanka
55%
Kiribati
54%
Liberia
54%
Gabon
53%
Seychelles
53%
Sierra Leone
52%
Burkina Faso
51%
Malawi
51%
Taïwan
50%
Brunei
49%
Ukraine
48%
Monténégro
44%
Philippines
43%
Maldives
42%
Bangladesh
41%
Mozambique
41%
Aucun quiz correspondant
Distribution des résultats
% des personnes avec chaque résultat
Percentile par nombre de réponses
Votre historique - résultats
Vous n’avez pas pris ce quiz depuis la dernière actualisation